Riconosci il Pokémon - Quiz n°202 - Statistics

Statistiche generali
  • Questo quiz è stato fatto 4 volte
  • Il punteggio medio è 8 su 10
Statistiche sulle risposte
Indizio Risposta % Corretto
Generazione Prima
100%
Tipo Roccia / Terra
100%
Abilità Testadura; Vigore; Sottilguscio
100%
Peso 210,0 kg
75%
Tasso di cattura 45 (11.9%)
75%
Sesso 50% ♂, 50% ♀
75%
Altezza 8,8 m
75%
Stadio evoluzione Forma Base
75%
Tasso di allevamento Medio-Veloce
75%
Pokémon Onix
75%
Nessun quiz corrispondente trovato
Distribuzione punteggi
Percentuale di utenti per punteggio
Percentile per numero di risposta
I tuoi punteggi nel tempo
Non hai fatto questo quiz